000 01679cam a2200445La 4500
001 4239647
003 OSt
005 20210923161220.0
006 m u
007 cr cn-
008 010821s1999 caua sf 001 0 eng d
020 _a0879305517
035 _a(OCoLC)48138873
035 _a(OCoLC)ocm48138873
035 _a(N$T)ocm48138873
035 _a(NNC)4239647
038 _akhadija
040 _aN$T
_cN$T
_dOCLCQ
050 1 4 _aT385
_b.W55 1999eb
082 _a604.202
_bWIL
100 1 _aWilson, John,
_d1933-
_955067
245 1 0 _a3D modeling in AutoCAD
_bcreating and using 3D models in AutoCAD 2000 /
_cJohn E. Wilson.
246 3 _aThree D modeling in AutoCAD
260 _aSan Francisco, Calif. :
_bMiller Freeman Books,
_cc1999.
300 _a484 p. :
_bill. ;
_c25 cm.
490 1 _aCadence magazine AutoCAD masters series
500 _aIncludes index.
533 _aElectronic reproduction.
_bBoulder, Colo. :
_cNetLibrary,
_d2001.
_nAvailable via World Wide Web.
_nAccess may be limited to NetLibrary affiliated libraries.
_nExcludes the content of the material which accompanied the original book.
563 _aPaperback
630 0 0 _aAutoCAD.
_96344
650 0 _aComputer graphics
_vHandbooks, manuals, etc.
_955068
650 0 _aThree-dimensional display systems.
_93207
655 7 _aElectronic books.
_2local
_9621
710 2 _aNetLibrary, Inc.
_935918
776 1 _cOriginal
_z0879305517
_w(DLC) 99041431
_w(OCoLC)42022304
830 0 _aCadence magazine AutoCAD masters series.
_955069
856 4 _uhttp://www.columbia.edu/cgi-bin/cul/resolve?clio4239647
_zClick here for full text.
942 _2ddc
_cBK
999 _c31662
_d31662